Community forestry

Bibliographic Details
Main Author: Vyas, G. P. D
Format: Book
Published: India : Agrobios , 2006
Edition:second revised edition
Subjects:

MARC

LEADER 00000cam a2200000 7i4500
001 0000017795
005 20080613.0
008 080529
020 |a 8177542923 
090 0 0 |a 634.99   |b VYA 
100 0 |a Vyas, G. P. D 
245 1 0 |a Community forestry   |c G.P.D Vyas 
250 |a second revised edition 
260 |a India :   |b Agrobios ,   |c 2006 
504 |a Includes bibliographical references 
650 0 |a Forest and forestry 
999 |a 0001019708   |b Book   |c Adult Collection   |e Cawangan Batu Pahat